banner-ar

كيف تنظم مؤتمرات واجتماعات فعالة / (Record no. 41482)

MARC details
000 -الفاتح
حقل البيانات ثابتة الطول 00951nam a2200217Ia 4500
005 - وقت وتاريخ اخر تعامل مع التسجيلة
رقم الضبط 20240530103647.0
008 - عناصر البيانات ثابتة الطول - معلومات عامة
حقل البيانات ثابتة الطول 140319s9999 xx 000 0 ara d
040 ## - مصدر الفهرسة
وكالة الفهرسة الأصلية GCL /
وكالة النسخ GCL
082 04 - رقم تصنيف ديوى العشرى
رقم التصنيف 659.2
رقم المادة س ك
100 1# - المدخل الرئيسى - إسم شخصى
الإسم الشخصى سيكنجى، ديفيد
245 10 - بيان العنوان
العنوان كيف تنظم مؤتمرات واجتماعات فعالة /
بيان المسئوليه,etc سيكنجى، ديفيد ، ترجمة حسن ابشر الطيب ، راجع الترجمة سعود بن محمد النمر ؛ عبدالعزيز بن شافعى العتيبى
260 ## - PUBLICATION, DISTRIBUTION, ETC. (IMPRINT)
تاريخ النشر أو التوزيع 1995
300 ## - الوصف المادى
التعداد 395 ص ؛
أبعاد الوعاء 24 سم
650 04 - المدخل الاضافى بالموضوع-مصطلح موضوعى
مصطلح موضوعي المؤتمرات
650 04 - المدخل الاضافى بالموضوع-مصطلح موضوعى
مصطلح موضوعي المؤتمرات - تنظيم وادارة
700 1# - المدخل الاضافى - اسم شخصى
الإسم الشخصى حسن ابشر الطيب
الدور مترجم
700 1# - المدخل الاضافى - اسم شخصى
الإسم الشخصى سعود بن محمد النمر
الدور مراجع
700 1# - المدخل الاضافى - اسم شخصى
الإسم الشخصى عبدالعزيز بن شافعى العتيبى
الدور مراجع
942 ## - عناصر المدخل الإضافي( كوها)
مصدر التصنيف او مخطط الترفيف Dewey Decimal Classification
Koha [default] item type كتاب
260 ## - PUBLICATION, DISTRIBUTION, ETC. (IMPRINT)
-- السعودية :
-- الادارة العامة للبحوث ،
Holdings
حالة التراجع حالة الفقد حالة تلف ليس للاعارة المكان المؤقت الموقع الحالى تاريخ الاكتساب اجمالي اﻻعارات رقم الطلب الباركود تاريخ اخر مشاهدة تاريخ تفعيل السعر نوع وعاء كوها
        مكتبة القاهرة الكبرى مكتبة القاهرة الكبرى 03/26/2014   658.049\س ك 100173 03/26/2014 03/26/2014 كتاب
        مكتبة القاهرة الكبرى مكتبة القاهرة الكبرى 03/26/2014   658.049\س ك 100174 03/26/2014 03/26/2014 كتاب
        مكتبة القاهرة الكبرى مكتبة القاهرة الكبرى 03/26/2014   658.049\س ك 100175 03/26/2014 03/26/2014 كتاب

Powered By

EGPV